[Event "SV Kamen 1 - Herforder SV KÃ¶nigsspring"]
[Site "NRW-Klasse, Gruppe 2 2016/201"]
[Date "2017.01.22"]
[Round "5.5"]
[White "Bentel, Robin"]
[Black "Kleinegger, Frank"]
[Result "1/2-1/2"]
[WhiteElo "1974"]
[BlackElo "2116"]
[PlyCount "64"]
[EventDate "2017.??.??"]
[WhiteTeam "Herforder SV KÃ¶nigsspringer 1"]
[BlackTeam "SV Kamen 1"]

1. c4 c6 2. b3 d5 3. cxd5 cxd5 4. Bb2 Nc6 5. e3 Nf6 6. Nf3 Bg4 7. Be2 e6 8. O-O
Bd6 9. d3 O-O 10. Nbd2 Re8 11. a3 Rc8 12. Rc1 a5 13. h3 Bh5 14. Re1 Qe7 15. Ra1
Red8 16. Nf1 h6 17. Qd2 Bg6 18. Rec1 Bh7 19. Nd4 Nxd4 20. Bxd4 Rxc1 21. Qxc1 e5
22. Bb6 Ra8 23. Qd2 a4 24. bxa4 Rxa4 25. Qc2 Qd7 26. Qb3 Qc6 27. d4 Ra8 28. a4
Nd7 29. dxe5 Bxe5 30. Bd4 Bc2 31. Qb2 Bxd4 32. exd4 Bg6 1/2-1/2

[Event "SV Kamen 1 - Herforder SV KÃ¶nigsspring"]
[Site "NRW-Klasse, Gruppe 2 2016/201"]
[Date "2017.01.22"]
[Round "5.6"]
[White "Kilian, Ralf"]
[Black "Loemker, Michael"]
[Result "1/2-1/2"]
[WhiteElo "2110"]
[BlackElo "2028"]
[PlyCount "41"]
[EventDate "2017.??.??"]
[WhiteTeam "SV Kamen 1"]
[BlackTeam "Herforder SV KÃ¶nigsspringer 1"]

1. d4 g6 2. Nf3 Bg7 3. c4 Nf6 4. g3 O-O 5. Bg2 d6 6. Nc3 Nbd7 7. O-O e5 8. e4
a5 9. h3 Re8 10. Be3 c6 11. Re1 exd4 12. Nxd4 Nc5 13. Qc2 Qe7 14. Rad1 Nfd7 15.
f4 Qd8 16. Bf2 Qb6 17. Bf1 a4 18. Kh2 Qb4 19. a3 Qa5 20. Nf3 Bf8 21. g4 1/2-1/2

[Event "SV Kamen 1 - Herforder SV KÃ¶nigsspring"]
[Site "NRW-Klasse, Gruppe 2 2016/201"]
[Date "2017.01.22"]
[Round "5.7"]
[White "Hanisch, Bernd"]
[Black "Seepe, Udo"]
[Result "1/2-1/2"]
[WhiteElo "2002"]
[BlackElo "2062"]
[PlyCount "71"]
[EventDate "2017.??.??"]
[WhiteTeam "Herforder SV KÃ¶nigsspringer 1"]
[BlackTeam "SV Kamen 1"]

1. c4 c6 2. e4 g6 3. Nc3 Bg7 4. g3 e5 5. Bg2 d6 6. Nge2 Nf6 7. d4 O-O 8. O-O
Nbd7 9. h3 Re8 10. d5 Qc7 11. Be3 a6 12. dxc6 bxc6 13. Qd2 Nc5 14. Rfd1 Bf8 15.
Bg5 Nfd7 16. Rac1 Nb6 17. b3 Ne6 18. Be3 Bb7 19. h4 c5 20. Nd5 Qd8 21. Nec3
Nxd5 22. Nxd5 Bxd5 23. cxd5 Nd4 24. b4 cxb4 25. Bxd4 exd4 26. Qxb4 Rb8 27. Qxd4
Qa5 28. Qd3 Rb2 29. Rc2 Rxa2 30. Rdc1 Ra1 31. Kh2 Rxc1 32. Rxc1 Qb6 33. Rc6
Qxf2 34. Rxa6 Rb8 35. Qf3 Qxf3 36. Bxf3 1/2-1/2

[Event "SV Kamen 1 - Herforder SV KÃ¶nigsspring"]
[Site "NRW-Klasse, Gruppe 2 2016/201"]
[Date "2017.01.22"]
[Round "5.8"]
[White "Krabbe, Christian"]
[Black "Nußbaumer, Bernhard"]
[Result "1/2-1/2"]
[WhiteElo "1966"]
[BlackElo "1754"]
[Annotator "Daniel"]
[PlyCount "94"]
[EventDate "2017.??.??"]
[WhiteTeam "SV Kamen 1"]
[BlackTeam "Herforder SV KÃ¶nigsspringer 1"]

1. Nf3 f5 2. g3 Nf6 3. Bg2 e6 4. O-O Be7 5. d3 d6 6. Nbd2 O-O 7. c3 e5 8. e4
Nc6 9. Ng5 Qe8 10. f4 h6 11. Nh3 fxe4 12. dxe4 Qh5 13. Qxh5 Nxh5 14. f5 Nf6 15.
Nf2 b6 16. Nf3 Ba6 17. Re1 Bc4 18. g4 a5 19. h4 a4 20. g5 hxg5 21. hxg5 Nh5 22.
Ng4 Kf7 23. Ne3 Ba6 24. Nd5 Bd8 25. Kf2 Ne7 26. Nb4 Bb5 27. Rh1 Rh8 28. Nh4 c5
29. Nc2 g6 30. Bf3 Bc7 31. Nxg6 Nxg6 32. Bxh5 Kg7 33. fxg6 Raf8+ 34. Ke3 Bd8
35. c4 Bxc4 36. Kd2 b5 37. b3 Bf1 38. Ba3 Bxg5+ 39. Kc3 b4+ 40. Nxb4 cxb4+ 41.
Bxb4 Rc8+ 42. Kb2 Bd3 43. Bf3 $11 a3+ 44. Kxa3 Rxh1 45. Rxh1 Bc1+ 46. Rxc1 Rxc1
47. Bxd6 Kxg6 1/2-1/2

[Event "SV Letmathe 1 - Siegener SV 1"]
[Site "NRW-Klasse, Gruppe 2 2016/201"]
[Date "2016.09.25"]
[Round "1.1"]
[White "Schischke, Reinhard"]
[Black "Podzielny, Karl-Heinz"]
[Result "0-1"]
[WhiteElo "2182"]
[BlackElo "2347"]
[PlyCount "66"]
[EventDate "2016.??.??"]
[WhiteTeam "Siegener SV 1"]
[BlackTeam "SV Letmathe 1"]

1. Nf3 Nf6 2. g3 g6 3. b3 Bg7 4. Bb2 a5 5. Bg2 Nc6 6. O-O O-O 7. c4 a4 8. bxa4
d6 9. Nc3 e5 10. d3 Re8 11. Nd2 Bg4 12. Rb1 Qc8 13. Re1 Bh3 14. Bh1 Nd7 15. Nb3
Nd8 16. e3 Ne6 17. f4 h5 18. Ne4 Bg4 19. Qc2 Rxa4 20. Nf2 Rxa2 21. Nxg4 hxg4
22. Nc1 Rxb2 23. Rxb2 exf4 24. Bxb7 Qd8 25. exf4 Bxb2 26. Qxb2 Nec5 27. Rxe8+
Qxe8 28. Bc6 Qe3+ 29. Kg2 Nb6 30. h3 gxh3+ 31. Kxh3 Nxd3 32. Nxd3 Qxd3 33. c5
Qf5+ 0-1

[Event "SV Letmathe 1 - Siegener SV 1"]
[Site "NRW-Klasse, Gruppe 2 2016/201"]
[Date "2016.09.25"]
[Round "1.2"]
[White "Adamski, Jan"]
[Black "Richter, Gerald"]
[Result "1-0"]
[WhiteElo "2246"]
[BlackElo "2065"]
[PlyCount "145"]
[EventDate "2016.??.??"]
[WhiteTeam "SV Letmathe 1"]
[BlackTeam "Siegener SV 1"]

1. Nf3 c5 2. c4 Nc6 3. d4 cxd4 4. Nxd4 Nf6 5. Nc3 d6 6. Bg5 e6 7. e3 Be7 8. Be2
a6 9. O-O O-O 10. Qd2 Qc7 11. Rfd1 Rd8 12. e4 Bd7 13. Rac1 Nxd4 14. Qxd4 Bc6
15. Be3 Qa5 16. Qd2 Kf8 17. a3 d5 18. cxd5 exd5 19. e5 Nd7 20. Bd4 Re8 21. f4
Qd8 22. Bf3 Nc5 23. Qc2 g6 24. Nxd5 Ba4 25. Qf2 Bxd1 26. Bxc5 Bxf3 27. Nxe7
Rxe7 28. Qxf3 Kg8 29. Bxe7 Qxe7 30. h3 Rd8 31. Rd1 Rxd1+ 32. Qxd1 Kg7 33. Qd4
h5 34. e6+ Kh7 35. exf7 Qxf7 36. Qe5 Qd7 37. Kh2 Qf7 38. g4 hxg4 39. hxg4 Qd7
40. Kg3 Qd3+ 41. Kh4 Qd8+ 42. Qg5 Qd6 43. Qe5 Qd8+ 44. g5 Qd7 45. Qe4 Kg7 46.
Kg3 Kh7 47. b4 b5 48. Kh4 Kg7 49. Qe3 Kh7 50. Kg3 Kg7 51. Kf2 Kh7 52. Qc3 Qd6
53. Qe3 Qd7 54. Ke1 Kg7 55. Ke2 Kh7 56. Qe5 Qf7 57. Qe4 Qd7 58. Ke3 Qa7+ 59.
Qd4 Qe7+ 60. Qe5 Qd7 61. Ke4 Qc6+ 62. Qd5 Qe8+ 63. Kd4 Qf8 64. Qd7+ Kg8 65. Ke5
Kh8 66. Qe6 Kh7 67. f5 Qb8+ 68. Ke4 Qb7+ 69. Ke3 Qa7+ 70. Kd3 gxf5 71. Qxf5+
Kg8 72. g6 Qc7 73. Qf7+ 1-0

[Event "SV Letmathe 1 - Siegener SV 1"]
[Site "NRW-Klasse, Gruppe 2 2016/201"]
[Date "2016.09.25"]
[Round "1.3"]
[White "Bouillon, Christian"]
[Black "Schleining, Zoya"]
[Result "0-1"]
[WhiteElo "2056"]
[BlackElo "2310"]
[PlyCount "86"]
[EventDate "2016.??.??"]
[WhiteTeam "Siegener SV 1"]
[BlackTeam "SV Letmathe 1"]

1. e4 c5 2. Nc3 Nc6 3. g3 g6 4. Bg2 Bg7 5. d3 d6 6. Nge2 e6 7. O-O Nge7 8. Be3
Nd4 9. Qd2 O-O 10. a3 Rb8 11. Rab1 b6 12. b4 Bb7 13. bxc5 dxc5 14. Bf4 Rc8 15.
Rfc1 Nec6 16. Na4 Qd7 17. Nec3 Ne5 18. Bxe5 Bxe5 19. Nb2 c4 20. Kh1 cxd3 21.
Nxd3 Bg7 22. Ne2 Rfd8 23. Nxd4 Qxd4 24. Rb4 Qc3 25. Qxc3 Rxc3 26. Ne1 Rxa3 27.
c4 Rc3 28. Rbb1 Rc8 29. Rxc3 Bxc3 30. Nd3 Rxc4 31. Rc1 b5 32. f3 a5 33. Bf1 Rc8
34. Nf4 b4 35. Bb5 Bc6 36. Ba6 Rd8 37. Ne2 Rd6 38. Nxc3 bxc3 39. Bc4 Be8 40. e5
Rd8 41. Rxc3 Rc8 42. Ra3 Rxc4 43. Rxa5 Bc6 0-1

[Event "SV Letmathe 1 - Siegener SV 1"]
[Site "NRW-Klasse, Gruppe 2 2016/201"]
[Date "2016.09.25"]
[Round "1.4"]
[White "Soukup, Jiri"]
[Black "Becker, Frank"]
[Result "1-0"]
[WhiteElo "2320"]
[BlackElo "2031"]
[PlyCount "85"]
[EventDate "2016.??.??"]
[WhiteTeam "SV Letmathe 1"]
[BlackTeam "Siegener SV 1"]

1. e4 Nc6 2. f4 d5 3. e5 f6 4. d4 Nh6 5. Nf3 Bg4 6. c3 f5 7. Qa4 Bxf3 8. gxf3
a6 9. Be3 e6 10. h4 Be7 11. Bf2 O-O 12. Nd2 b5 13. Qc2 Qc8 14. Bd3 Qb7 15. Ke2
Nb8 16. Rag1 Nd7 17. Rg2 c5 18. Rhg1 Rf7 19. dxc5 Nxc5 20. Nb3 Nxb3 21. Qxb3
Rc8 22. a4 Bf8 23. axb5 axb5 24. Ra1 Rfc7 25. Ra5 b4 26. Ba6 Qa8 27. Bb6 Rc6
28. Bxc8 Qxc8 29. Bd4 Qd8 30. Qa4 Rc8 31. Ra7 Nf7 32. Qa6 Qe8 33. Kd3 Rb8 34.
Rc2 Nd8 35. cxb4 Qh5 36. Ke2 Rxb4 37. Rc8 Qxh4 38. Rxd8 Qxd8 39. Ra8 Qxa8 40.
Qxa8 Rxd4 41. Qe8 g6 42. Qxe6+ Kg7 43. Qf6+ 1-0

[Event "SV Letmathe 1 - Siegener SV 1"]
[Site "NRW-Klasse, Gruppe 2 2016/201"]
[Date "2016.09.25"]
[Round "1.5"]
[White "Schmidt, Matthias"]
[Black "Gruermann, Martin"]
[Result "0-1"]
[WhiteElo "1881"]
[BlackElo "2169"]
[PlyCount "102"]
[EventDate "2016.??.??"]
[WhiteTeam "Siegener SV 1"]
[BlackTeam "SV Letmathe 1"]

1. e4 c5 2. Nc3 a6 3. a4 e6 4. f4 d5 5. Nf3 Nc6 6. d3 Be7 7. Be2 Nf6 8. e5 Ng4
9. O-O Nh6 10. Kh1 O-O 11. d4 cxd4 12. Nxd4 f6 13. exf6 Bxf6 14. Nf3 Bd7 15. a5
Rc8 16. Ra3 Be7 17. Ra1 Bb4 18. Ng5 Qe7 19. Qd3 g6 20. Qh3 Nf5 21. Bd3 Rce8 22.
g4 Nd6 23. Bd2 Qg7 24. Rae1 Bxa5 25. Nf3 d4 26. Ne4 Nxe4 27. Bxe4 Bxd2 28. Nxd2
Re7 29. c3 Ref7 30. Qg3 Kh8 31. g5 b5 32. Bg2 dxc3 33. bxc3 Ne7 34. Ne4 Nd5 35.
f5 Rxf5 36. Rxf5 gxf5 37. Nc5 f4 38. Qd3 Bc8 39. Bxd5 exd5 40. Qf3 d4 41. h4
dxc3 42. Kh2 c2 43. Rc1 Qb2 44. Qe4 Qxc1 45. Qe5+ Kg8 46. Qd5+ Kg7 47. Qe5+ Kg6
48. Qd6+ Kh5 49. Qh6+ Kg4 50. Ne4 Qe1 51. g6 Qe2+ 0-1

[Event "SV Letmathe 1 - Siegener SV 1"]
[Site "NRW-Klasse, Gruppe 2 2016/201"]
[Date "2016.09.25"]
[Round "1.6"]
[White "Haude, Ruediger"]
[Black "Lindner, Torsten"]
[Result "1-0"]
[WhiteElo "2041"]
[BlackElo "1903"]
[PlyCount "35"]
[EventDate "2016.??.??"]
[WhiteTeam "SV Letmathe 1"]
[BlackTeam "Siegener SV 1"]

1. d4 Nf6 2. Nf3 g6 3. g3 Bg7 4. Bg2 d5 5. O-O O-O 6. c4 e6 7. Qc2 c6 8. Rd1
Nbd7 9. b3 Re8 10. Nc3 Qa5 11. Bf4 Nh5 12. Bd6 c5 13. Nb5 Bf8 14. Bc7 Qa6 15.
g4 Qc6 16. Ne5 Nxe5 17. Bxe5 Ng7 18. Nc7 1-0

[Event "SV Letmathe 1 - Siegener SV 1"]
[Site "NRW-Klasse, Gruppe 2 2016/201"]
[Date "2016.09.25"]
[Round "1.7"]
[White "Doehner, Hans-Juergen"]
[Black "Pfleger, Sascha"]
[Result "1-0"]
[WhiteElo "1875"]
[BlackElo "1980"]
[PlyCount "121"]
[EventDate "2016.??.??"]
[WhiteTeam "Siegener SV 1"]
[BlackTeam "SV Letmathe 1"]

1. e4 c5 2. Nf3 a6 3. d4 cxd4 4. Nxd4 Nf6 5. Nc3 e5 6. Nf3 Bb4 7. Bd3 Bxc3+ 8.
bxc3 Qc7 9. c4 d6 10. h3 Nbd7 11. O-O Nc5 12. Re1 Qc6 13. Nd2 b6 14. Rb1 Bb7
15. f3 Na4 16. Rb3 Nc5 17. Ra3 O-O 18. Nf1 b5 19. cxb5 axb5 20. Rxa8 Rxa8 21.
a3 Nh5 22. Ne3 Qb6 23. Kh2 Ra4 24. Bf1 Rd4 25. Qe2 Ba6 26. Nd5 Rxd5 27. exd5 b4
28. Qf2 Bxf1 29. Qxf1 Nf6 30. axb4 Qxb4 31. Rd1 h6 32. c4 Qc3 33. Bd2 Qc2 34.
Be3 Nfd7 35. Rc1 Qb3 36. Bxc5 Nxc5 37. Rb1 Qe3 38. Rb8+ Kh7 39. Rb2 Qd4 40. Qe2
g6 41. Rd2 Qf4+ 42. g3 Qf6 43. Qe3 Qf5 44. Kg2 Qb1 45. Qe2 Qf5 46. Qe3 Qb1 47.
Qe2 Qf5 48. Rb2 h5 49. h4 Qf6 50. Rb6 Qe7 51. Qe3 e4 52. fxe4 Nxe4 53. Ra6 Qe5
54. Ra2 Kg8 55. Re2 f5 56. Ra2 Kf7 57. Rc2 Kg8 58. Qf4 Qd4 59. Qh6 Qd3 60.
Qxg6+ Kh8 61. Ra2 1-0

[Event "SV Letmathe 1 - Siegener SV 1"]
[Site "NRW-Klasse, Gruppe 2 2016/201"]
[Date "2016.09.25"]
[Round "1.8"]
[White "Hunold, Rolf"]
[Black "Besser, Axel"]
[Result "1/2-1/2"]
[WhiteElo "1945"]
[BlackElo "1881"]
[PlyCount "52"]
[EventDate "2016.??.??"]
[WhiteTeam "SV Letmathe 1"]
[BlackTeam "Siegener SV 1"]

1. e4 c5 2. Nf3 d6 3. Bb5+ Bd7 4. Bxd7+ Nxd7 5. O-O Ngf6 6. Re1 g6 7. c3 Bg7 8.
d4 cxd4 9. cxd4 Nb6 10. Nc3 O-O 11. Qb3 Rc8 12. h3 Nfd7 13. Rb1 a6 14. Be3 e6
15. Bg5 Bf6 16. Bxf6 Nxf6 17. a4 Qc7 18. Rbc1 Nc4 19. e5 dxe5 20. dxe5 Nd7 21.
Ne4 Qb6 22. Qxb6 Ncxb6 23. b3 Rxc1 24. Rxc1 Rc8 25. Rxc8+ Nxc8 26. a5 b5
1/2-1/2

[Event "SG Niederkassel 1 - Herforder SV Königs"]
[Site "NRW-Klasse, Gruppe 2 2016/201"]
[Date "2016.09.25"]
[Round "1.2"]
[White "Wigger, Jochen"]
[Black "Wolf, Andre"]
[Result "1-0"]
[WhiteElo "2223"]
[BlackElo "2195"]
[PlyCount "145"]
[EventDate "2016.??.??"]
[WhiteTeam "SG Niederkassel 1"]
[BlackTeam "Herforder SV Königsspringer 1"]

1. Nf3 d5 2. g3 c6 3. Bg2 Bg4 4. d4 Nd7 5. Nbd2 Ngf6 6. O-O e6 7. Re1 Be7 8. e4
dxe4 9. Nxe4 Nxe4 10. Rxe4 Bf5 11. Re1 O-O 12. c3 Re8 13. Bf4 a5 14. Nd2 Nb6
15. g4 Bg6 16. Bg3 Bd6 17. Nf3 f6 18. Nd2 Bf7 19. Qf3 Qc7 20. Bxd6 Qxd6 21. Ne4
Qc7 22. g5 f5 23. Nc5 Nd7 24. Nxd7 Qxd7 25. Re5 a4 26. Rae1 Qd8 27. h4 Qb6 28.
R1e2 Ra5 29. Rxa5 Qxa5 30. Re5 Qb6 31. Qe2 Ra8 32. h5 Qd8 33. f4 a3 34. b4 Rc8
35. Bf3 Kf8 36. Qg2 Qe8 37. Qe2 Qd8 38. Qc4 Kg8 39. Qb3 Ra8 40. Be2 Kh8 41. Qd1
Qe8 42. Bf3 Qd8 43. Kf2 Qb6 44. Qg1 Qd8 45. Ke3 Qe8 46. Qh2 Kg8 47. Bd1 Rd8 48.
Bb3 Rd6 49. h6 gxh6 50. Qxh6 Bg6 51. Kd2 b6 52. Qh1 Qd7 53. Kc2 Bf7 54. Kb1 Qa7
55. Qe1 Qd7 56. Qe2 Kg7 57. Kc2 Qc8 58. Rxf5 Bg6 59. Qe5+ Kg8 60. Qxd6 Bxf5+
61. Kd2 Qe8 62. Qe5 Qf7 63. Qb8+ Kg7 64. Qe5+ Kg8 65. Ke3 Qg6 66. Qb8+ Kg7 67.
Qc7+ Kf8 68. Qxc6 Bb1 69. Kf2 Qd3 70. Qc8+ Kg7 71. Qd7+ Kg6 72. Qxe6+ Kh5 73.
Qe2+ 1-0

[Event "SG Niederkassel 1 - Herforder SV Königs"]
[Site "NRW-Klasse, Gruppe 2 2016/201"]
[Date "2016.09.25"]
[Round "1.3"]
[White "Pieper-Emden, Carsten"]
[Black "Rybarczyk, Klaus"]
[Result "1-0"]
[WhiteElo "2161"]
[BlackElo "2219"]
[PlyCount "117"]
[EventDate "2016.??.??"]
[WhiteTeam "Herforder SV Königsspringer 1"]
[BlackTeam "SG Niederkassel 1"]

1. c4 Nf6 2. Nc3 g6 3. g3 Bg7 4. Bg2 O-O 5. e3 e5 6. b3 c6 7. Nge2 d5 8. cxd5
Nxd5 9. Nxd5 cxd5 10. Bb2 d4 11. O-O Nc6 12. exd4 exd4 13. d3 Qb6 14. Nf4 Rd8
15. Re1 Bf5 16. g4 Bd7 17. a3 Ne5 18. h3 Bc6 19. Bxc6 Nxc6 20. Re4 Qb5 21. a4
Qb6 22. Ba3 Be5 23. Ng2 Bd6 24. Bxd6 Rxd6 25. Ne1 Nb4 26. Nf3 Qd8 27. Qd2 a5
28. Rc1 Qf6 29. Rf4 Qd8 30. Rc5 Nc6 31. Ne5 Nxe5 32. Rxe5 Rc6 33. Rfe4 Rac8 34.
Kg2 Rc3 35. Qe2 Qd6 36. Rxa5 Rxb3 37. Re8+ Rxe8 38. Qxe8+ Kg7 39. Qe4 h6 40.
Rd5 Qf6 41. Qxd4 Qxd4 42. Rxd4 Kf6 43. Kf3 Ke5 44. Ke3 g5 45. Rc4 Rb1 46. Rc7
Ke6 47. Rc5 Rb4 48. a5 Kd6 49. Rf5 Ke6 50. Rc5 Kd6 51. Rc8 Rb5 52. Ra8 f5 53.
a6 bxa6 54. Rxa6+ Ke5 55. gxf5 h5 56. f6 Rb4 57. f7 Rf4 58. Ra5+ Ke6 59. Rxg5
1-0

[Event "SG Niederkassel 1 - Herforder SV Königs"]
[Site "NRW-Klasse, Gruppe 2 2016/201"]
[Date "2016.09.25"]
[Round "1.4"]
[White "Stanetzek, Carsten"]
[Black "Bentel, Robin"]
[Result "0-1"]
[WhiteElo "2132"]
[BlackElo "1982"]
[PlyCount "82"]
[EventDate "2016.??.??"]
[WhiteTeam "SG Niederkassel 1"]
[BlackTeam "Herforder SV Königsspringer 1"]

1. e4 c5 2. Nf3 e6 3. b3 Nc6 4. Bb2 Nf6 5. e5 Nd5 6. g3 Be7 7. Bg2 O-O 8. O-O
d6 9. exd6 Qxd6 10. Na3 a6 11. d4 Rd8 12. c3 Qc7 13. Qe2 cxd4 14. cxd4 b5 15.
Rac1 Qb6 16. Nc2 Bb7 17. Rfd1 Rac8 18. Ne3 Rc7 19. Ng4 Rdc8 20. Ne1 Ncb4 21.
Rxc7 Rxc7 22. a3 Na2 23. Qd2 b4 24. a4 Nac3 25. Ra1 a5 26. Nc2 Ba6 27. Re1 Qb8
28. Nce3 Nxe3 29. Nxe3 Qd8 30. h4 Bf6 31. d5 Rd7 32. Ng4 Nxd5 33. Bxf6 Nxf6 34.
Nxf6+ gxf6 35. Qf4 Rd4 36. Re4 Rd1+ 37. Kh2 Bb7 38. Rc4 Bxg2 39. Kxg2 Qd5+ 40.
Kh3 Rh1+ 41. Kg4 h5# 0-1

[Event "SG Niederkassel 1 - Herforder SV Königs"]
[Site "NRW-Klasse, Gruppe 2 2016/201"]
[Date "2016.09.25"]
[Round "1.5"]
[White "Loemker, Michael"]
[Black "Broehl, Stephan"]
[Result "1/2-1/2"]
[WhiteElo "2028"]
[BlackElo "2112"]
[PlyCount "42"]
[EventDate "2016.??.??"]
[WhiteTeam "Herforder SV Königsspringer 1"]
[BlackTeam "SG Niederkassel 1"]

1. d4 d5 2. c4 c6 3. Nf3 Nf6 4. Nc3 dxc4 5. a4 Bf5 6. e3 e6 7. Bxc4 Bb4 8. O-O
O-O 9. h3 Ne4 10. Qb3 Qe7 11. Rd1 Nd7 12. Bd3 Ndf6 13. Nh4 Bd6 14. Nxf5 exf5
15. Nxe4 fxe4 16. Be2 Nd5 17. Bd2 Kh8 18. Bc4 Nb6 19. Rac1 Nxc4 20. Rxc4 Rad8
21. Bb4 Bxb4 1/2-1/2

[Event "SG Niederkassel 1 - Herforder SV Königs"]
[Site "NRW-Klasse, Gruppe 2 2016/201"]
[Date "2016.09.25"]
[Round "1.6"]
[White "Riedel, Holger"]
[Black "Hanisch, Bernd"]
[Result "1-0"]
[WhiteElo "2095"]
[BlackElo "1976"]
[PlyCount "47"]
[EventDate "2016.??.??"]
[WhiteTeam "SG Niederkassel 1"]
[BlackTeam "Herforder SV Königsspringer 1"]

1. d4 Nf6 2. Bf4 e6 3. Nf3 b6 4. g3 Bb7 5. Bg2 Be7 6. O-O O-O 7. a4 d6 8. Nc3
Ne4 9. Nxe4 Bxe4 10. Nd2 Bxg2 11. Kxg2 d5 12. Nf3 Nd7 13. Ne5 Nxe5 14. Bxe5 c5
15. a5 f6 16. Bf4 cxd4 17. Qxd4 e5 18. Bxe5 fxe5 19. Qxe5 Bf6 20. Qe6+ Kh8 21.
axb6 axb6 22. Rxa8 Qxa8 23. Qxb6 Rb8 24. Ra1 1-0

[Event "SG Niederkassel 1 - Herforder SV Königs"]
[Site "NRW-Klasse, Gruppe 2 2016/201"]
[Date "2016.09.25"]
[Round "1.7"]
[White "Quelle, Helmut"]
[Black "Freundlieb, Thomas"]
[Result "1-0"]
[WhiteElo "2031"]
[BlackElo "1986"]
[PlyCount "119"]
[EventDate "2016.??.??"]
[WhiteTeam "Herforder SV Königsspringer 1"]
[BlackTeam "SG Niederkassel 1"]

1. Nf3 d6 2. g3 e5 3. Bg2 f5 4. d3 Nf6 5. c4 Be7 6. Nc3 c6 7. O-O O-O 8. c5 Kh8
9. cxd6 Bxd6 10. d4 e4 11. Ng5 Qe8 12. f3 exf3 13. Rxf3 Na6 14. Bf4 Bxf4 15.
gxf4 Nc7 16. Rh3 Ne6 17. e3 Nxg5 18. fxg5 Ne4 19. Nxe4 fxe4 20. Rg3 Bf5 21. Qc2
Qe7 22. Rf1 Rae8 23. h4 Qd6 24. Rf4 Bg6 25. Rxf8+ Rxf8 26. Rh3 Bf5 27. Rh2 Qe6
28. a3 Qf7 29. Bf1 Bg4 30. Rf2 Bf3 31. Bg2 Qe7 32. Qc5 Qxc5 33. dxc5 Rf5 34. b4
g6 35. Bxf3 exf3 36. Rd2 Rf7 37. Kf2 Kg7 38. Rd8 h6 39. Rd4 hxg5 40. hxg5 a6
41. Rf4 Rd7 42. Kxf3 Rd5 43. Rd4 Rxg5 44. Rd7+ Kf6 45. Rxb7 Ke5 46. Ra7 Rf5+
47. Ke2 Kd5 48. Rxa6 Rh5 49. Kd3 Rh3 50. Ra8 Rh1 51. a4 Ra1 52. Rd8+ Ke5 53.
Re8+ Kf5 54. a5 g5 55. e4+ Kf6 56. Rc8 Ke5 57. Rxc6 Ra3+ 58. Kc4 g4 59. Rg6 g3
60. c6 1-0

[Event "SF Gerresheim 1 - SV Kamen 1"]
[Site "NRW-Klasse, Gruppe 2 2016/201"]
[Date "2016.09.25"]
[Round "1.1"]
[White "Weidemann, Christian"]
[Black "Solodovnichenko, Yuri"]
[Result "0-1"]
[WhiteElo "2321"]
[BlackElo "2588"]
[PlyCount "74"]
[EventDate "2016.??.??"]
[WhiteTeam "SV Kamen 1"]
[BlackTeam "SF Gerresheim 1"]

1. e4 c5 2. Nf3 d6 3. d4 cxd4 4. Nxd4 Nf6 5. Nc3 a6 6. Be3 e6 7. g4 h6 8. Bg2
Nc6 9. h3 Be7 10. O-O O-O 11. Qe2 Nxd4 12. Bxd4 e5 13. Be3 b5 14. Rad1 b4 15.
Na4 Bd7 16. Nb6 Bb5 17. Nc4 Rc8 18. b3 Qc7 19. h4 Bxc4 20. bxc4 Qxc4 21. Qf3
Nh7 22. Bh3 Rc6 23. Rfe1 Bxh4 24. Bf1 Qe6 25. Rd3 Rxc2 26. Red1 Be7 27. a3 b3
28. Qf5 Rb8 29. Qxe6 fxe6 30. Rb1 b2 31. Rdd1 Bg5 32. Bxa6 Bxe3 33. fxe3 Ng5
34. Bd3 Nf3+ 35. Kf1 Nd2+ 36. Kg1 Nxb1 37. Bxc2 Nxa3 0-1

[Event "SF Gerresheim 1 - SV Kamen 1"]
[Site "NRW-Klasse, Gruppe 2 2016/201"]
[Date "2016.09.25"]
[Round "1.2"]
[White "Orlov, Andrey"]
[Black "Himmel, Hansjoerg"]
[Result "1-0"]
[WhiteElo "2444"]
[BlackElo "2196"]
[PlyCount "177"]
[EventDate "2016.??.??"]
[WhiteTeam "SF Gerresheim 1"]
[BlackTeam "SV Kamen 1"]

1. e4 c5 2. Nf3 Nc6 3. Bb5 e6 4. Bxc6 bxc6 5. e5 f6 6. O-O fxe5 7. Nxe5 Nf6 8.
d3 Be7 9. Nc3 O-O 10. f4 Qe8 11. Bd2 Ba6 12. Qe2 Rd8 13. Rae1 Bc8 14. Na4 d6
15. Nf3 Nd5 16. g3 Bd7 17. c4 Nb4 18. Bxb4 cxb4 19. c5 dxc5 20. Ne5 Bc8 21. Rc1
Rd5 22. Qe3 Bd6 23. Nxc5 Qd8 24. d4 Bxe5 25. dxe5 Qb6 26. Rfd1 Rfd8 27. Rxd5
Rxd5 28. b3 h6 29. Kf2 Qd8 30. Rc2 Rd4 31. Ke2 Qd5 32. Qf3 Ba6+ 33. Nxa6 Qb5+
34. Ke1 Qxa6 35. Qxc6 Qd3 36. Re2 Kf7 37. Kf2 a5 38. Qc2 Qb5 39. f5 Qb6 40.
fxe6+ Qxe6 41. Qc7+ Kg8 42. Qc5 Rd3 43. Kg2 Rc3 44. Qd6 Rc6 45. Qxe6+ Rxe6 46.
Kf3 Kf7 47. Ke4 Rc6 48. Kd5 Rc3 49. Rf2+ Ke7 50. e6 Rd3+ 51. Kc4 Re3 52. Rf7+
Kxe6 53. Rxg7 Re2 54. Rg6+ Kf7 55. Rxh6 Rxa2 56. Ra6 Rc2+ 57. Kb5 Rb2 58. Kc4
Rc2+ 59. Kb5 Rb2 60. Kxa5 Rxb3 61. Rh6 Rb2 62. Kb5 Kg7 63. Rh4 b3 64. Kb4 Kf6
65. Ka3 Rb1 66. Rh5 Kg6 67. Rb5 Rh1 68. h4 Rg1 69. Rg5+ Kf6 70. Kxb3 Rc1 71.
Rg8 Kf7 72. Rg4 Kf6 73. h5 Kf7 74. Rg6 Rc5 75. g4 Rc1 76. Kb4 Rc2 77. Rg5 Kf6
78. Rf5+ Kg7 79. g5 Rh2 80. g6 Kg8 81. Kc4 Rd2 82. Rd5 Rh2 83. Kd4 Rh4+ 84. Ke3
Rh1 85. Kf4 Rg1 86. Kf5 Rf1+ 87. Kg5 Rg1+ 88. Kh6 Kf8 89. Kh7 1-0

[Event "SF Gerresheim 1 - SV Kamen 1"]
[Site "NRW-Klasse, Gruppe 2 2016/201"]
[Date "2016.09.25"]
[Round "1.3"]
[White "Luetke, Jens"]
[Black "Orzech, Dominik"]
[Result "1/2-1/2"]
[WhiteElo "2174"]
[BlackElo "2395"]
[PlyCount "54"]
[EventDate "2016.??.??"]
[WhiteTeam "SV Kamen 1"]
[BlackTeam "SF Gerresheim 1"]

1. e4 e6 2. d4 d5 3. Nd2 Nf6 4. e5 Nfd7 5. Ngf3 c5 6. c3 Nc6 7. Bd3 cxd4 8.
cxd4 f6 9. O-O fxe5 10. Nxe5 Ndxe5 11. dxe5 Nxe5 12. Qh5+ Nf7 13. Re1 a6 14.
Bxh7 g6 15. Qxg6 Qh4 16. Rxe6+ Bxe6 17. Qxe6+ Qe7 18. Bf5 Rh6 19. Qxe7+ Bxe7
20. Nf3 Rf6 21. Bg4 Rb6 22. g3 Bf6 23. h4 Bxb2 24. Rb1 Bd4 25. Rxb6 Bxb6 26.
Ba3 Nh6 27. Be6 Rd8 1/2-1/2

[Event "SF Gerresheim 1 - SV Kamen 1"]
[Site "NRW-Klasse, Gruppe 2 2016/201"]
[Date "2016.09.25"]
[Round "1.4"]
[White "Kooijmans, Jermo"]
[Black "Georg, Heinz"]
[Result "1-0"]
[WhiteElo "2178"]
[BlackElo "2153"]
[PlyCount "71"]
[EventDate "2016.??.??"]
[WhiteTeam "SF Gerresheim 1"]
[BlackTeam "SV Kamen 1"]

1. e4 e5 2. Nf3 Nc6 3. Bc4 Nf6 4. d3 d5 5. exd5 Nxd5 6. O-O Nb6 7. Bb5 Bd6 8.
Re1 Bg4 9. Nxe5 Bxd1 10. Nxc6+ Kf8 11. Nxd8 Rxd8 12. Rxd1 c6 13. Bxc6 bxc6 14.
Be3 Nc4 15. b3 Be5 16. d4 Nxe3 17. fxe3 c5 18. c3 Bd6 19. Nd2 cxd4 20. exd4 h5
21. Ne4 Ba3 22. b4 Rh6 23. d5 f5 24. Nc5 Rc8 25. d6 Bb2 26. d7 Rd8 27. Rab1
Bxc3 28. Nb7 Ke7 29. Nxd8 Kxd8 30. b5 Be5 31. a4 Bd6 32. Rd5 Rf6 33. a5 Kxd7
34. b6 axb6 35. axb6 Kc6 36. Rxd6+ 1-0

[Event "SF Gerresheim 1 - SV Kamen 1"]
[Site "NRW-Klasse, Gruppe 2 2016/201"]
[Date "2016.09.25"]
[Round "1.5"]
[White "Kleinegger, Frank"]
[Black "Dresen, Ulrich"]
[Result "1/2-1/2"]
[WhiteElo "2116"]
[BlackElo "2175"]
[PlyCount "32"]
[EventDate "2016.??.??"]
[WhiteTeam "SV Kamen 1"]
[BlackTeam "SF Gerresheim 1"]

1. Nf3 d5 2. g3 Nf6 3. Bg2 c6 4. O-O Bg4 5. d4 e6 6. Nbd2 Nbd7 7. Re1 Be7 8. e4
dxe4 9. Nxe4 O-O 10. c3 Qb6 11. Qb3 Bf5 12. Nxf6+ Bxf6 13. Be3 Rfd8 14. Qa3 Qc7
15. Bf4 Qb6 16. Be3 Qc7 1/2-1/2